| 000 | 00716cam a2200205 a 4500 | ||
|---|---|---|---|
| 001 | 000009439 | ||
| 005 | 20200929161608.0 | ||
| 008 | 030228s2001 pn 001 f spa | ||
| 020 | _a9962021677 | ||
| 040 |
_aDO-SdBNP _bspa _cDLC _dBNPHU |
||
| 082 |
_aP863.44 _bT172y |
||
| 100 | 1 |
_aTapia R., Rose Marie, _d1947- _924238 |
|
| 245 | 1 | 0 |
_aY era lo que nadie creía : _bnovela sobre la negligencia medica : mensaje de esperanza para quienes han padecido de una enfermedad prolongada / _cRose Marie Tapia R. |
| 260 |
_aPanamá : _bAlvarado, _c2001. |
||
| 300 |
_a256 p. ; _c21 cm. |
||
| 650 | 4 |
_aNovela panameña _921757 |
|
| 650 | 4 |
_aLiteratura panameña _94261 |
|
| 910 | _aCatalogación por copia / LC | ||
| 049 | _aBNGR | ||
| 999 |
_c9199 _d9199 |
||